Manual de Oracle JDeveloper : (Record no. 36444)

MARC details
000 -CABECERA
campo de control de longitud fija 01116nam a2200265 a 4500
005 - FECHA Y HORA DE LA ÚLTIMA TRANSACCIÓN
campo de control 20210223122506.0
008 - ELEMENTOS DE LONGITUD FIJA--INFORMACIÓN GENERAL
campo de control de longitud fija 991125s1999 es 000 0 spa u
020 ## - NÚMERO INTERNACIONAL NORMALIZADO PARA LIBROS
Número Internacional Estándar del Libro 8448123476
035 ## - NÚMERO DE CONTROL DEL SISTEMA
Número de control de sistema UPN01000036444
049 ## - COLECCIÓN
Colección CG
050 #4 - SIGNATURA TOPOGRÁFICA DE LA BIBLIOTECA DEL CONGRESO
Número de clasificación QA76.73 J3.8
Número de documento/Ítem J4.5
100 1# - ASIENTO PRINCIPAL--NOMBRE PERSONAL
Nombre de persona Jensen, Cary
245 10 - MENCIÓN DE TÍTULO
Título Manual de Oracle JDeveloper :
Resto del título versión 1.1 /
Mención de responsabilidad, etc. Cary Jensen, An Loy Anderson, Blake Stone.
260 ## - PUBLICACIÓN, DISTRIBUCIÓN, ETC.
Lugar de publicación, distribución, etc. Madrid :
Nombre del editor, distribuidor, etc. McGraw Hill Interamericana :
-- Oracle Press,
Fecha de publicación, distribución, etc. 1999.
300 ## - DESCRIPCIÓN FÍSICA
Extensión xxiv, 585 p. :
Otras características físicas il. +
Material acompañante/anejo 1 CD-ROM
440 #0 - MENCIÓN DE SERIE/ASIENTO SECUNDARIO--TÍTULO
Título Oracle.
Nombre de parte o sección de la obra Bases de datos.
-- Programación Java
505 8# - NOTA DE CONTENIDO CON FORMATO PREESTABLECIDO
Nota de contenido con formato Contenido del CD-ROM: Documentación Oracle -- Versión de prueba de Oracle JDeveloper 1.1 -- Versión Beta de Oracle JDeveloper 2.0 -- Oracle Help for Java"
500 ## - NOTA GENERAL
Nota general Solicita el CD-ROM en: Departamento de Documentación
534 ## - NOTA SOBRE LA VERSIÓN ORIGINAL
Frase introductoria Traducción de:
Mención de título del original Oracle JDeveloper
650 #4 - ASIENTO SECUNDARIO DE MATERIA - TERMINO TEMATICO
Término de materia o nombre geográfico como elemento de entrada PROGRAMAS DE APLICACION PARA COMPUTADORAS -
Subdivisión general DESARROLLO
9 (RLIN) 7533
650 #4 - ASIENTO SECUNDARIO DE MATERIA - TERMINO TEMATICO
Término de materia o nombre geográfico como elemento de entrada JAVA (LENGUAJE DE PROGRAMACION PARA COMPUTADORA)
9 (RLIN) 7523
700 1# - ASIENTO SECUNDARIO--NOMBRE DE PERSONAL
Nombre de persona Anderson, An Loy,
Término indicativo de función/relación coaut.
700 1# - ASIENTO SECUNDARIO--NOMBRE DE PERSONAL
Nombre de persona Stone, Blake,
Término indicativo de función/relación coaut.
905 ## - TIPO DE MATERIAL
Tipo de material Libro
Holdings
Estado de retiro Estado de pérdida Fuente del sistema de clasificación o colocación Estado dañado No para préstamo Código de colección Localización permanente Ubicación/localización actual Ubicación en estantería Total de préstamos Clasificación Código de barras Fecha visto por última vez Número de copia Tipo de ítem Koha Fecha de adquisición Precio válido a partir de Nota pública
    Library of Congress Classification     Colección General Bib. Gregorio Torres Quintero Bib. Gregorio Torres Quintero Planta baja 1 QA76.73 J3.8 J4.5 163362 31/12/2020 1 Libro      
    Library of Congress Classification     Colección General Bib. Gregorio Torres Quintero Bib. Gregorio Torres Quintero Planta baja   QA76.73 J3.8 J4.5 163363 31/12/2020 1 Libro      
    Library of Congress Classification     Colección General Bib. Gregorio Torres Quintero Bib. Gregorio Torres Quintero Planta baja   QA76.73 J3.8 J4.5 163364 31/12/2020 1 Libro      
    Library of Congress Classification     Materiales complementarios y otros recursos electrónicos  Bib. Gregorio Torres Quintero Bib. Gregorio Torres Quintero Mostrador de préstamo Planta baja   QA76.73 J3.8 J4.5 337197 23/02/2024 Ej. 2 Disco Compacto 23/02/2024 23/02/2024 Solicítalo en el mostrador de préstamo
    Library of Congress Classification     Materiales complementarios y otros recursos electrónicos  Bib. Gregorio Torres Quintero Bib. Gregorio Torres Quintero Mostrador de préstamo Planta baja   QA76.73 J3.8 J4.5 337198 23/02/2024 Ej. 3 Disco Compacto 23/02/2024 23/02/2024 Solicítalo en el mostrador de préstamo